[Event "Memorial Gashimov"]
[Site "Shamkir"]
[Date "28.04.2017"]
[Round "7.5"]
[White "Karjakin, Sergey"]
[Black "Kramnik, Vladimir"]
[Result "1/2-1/2"]
[WhiteTitle "GM"]
[BlackTitle "GM"]
[WhiteElo "2783"]
[BlackElo "2811"]
[WhiteFideId "14109603"]
[BlackFideId "4101588"]
[EventDate "2017.04.21"]

1. e4 e5 2. Nf3 Nc6 3. Bc4 Bc5 4. O-O Nf6 5. d3 O-O 6. a4 h6 7. c3 a5 8. h3 d6
9. Re1 Ba7 10. Nbd2 Ne7 11. Nf1 Ng6 12. Ng3 c6 13. d4 exd4 14. Nxd4 Re8 15. Bd2
d5 16. exd5 Rxe1+ 17. Bxe1 Nxd5 18. Nb5 Bb6 19. Bxd5 Qxd5 20. Qxd5 cxd5 21. Ne2
Bd7 22. Nbd4 Re8 23. Kf1 Ne5 24. Bd2 Nc4 25. Bc1 g5 26. b3 Nd6 27. Ba3 Ne4 28.
Rd1 f5 29. f3 Nf6 30. Ng3 Bxd4 31. Rxd4 f4 32. Ne2 b5 33. axb5 Bxb5 34. c4 Ba6
35. Nc3 a4 36. Kf2 axb3 37. cxd5 Rc8 38. Bb2 Nd7 39. d6 Rc6 40. g3 fxg3+ 41.
Kxg3 Kf7 42. f4 Kg6 43. fxg5 hxg5 44. h4 gxh4+ 45. Kxh4 Rc4 46. Rxc4 Bxc4 47.
Ne4 Kf5 48. Nd2 Bd5 1/2-1/2

[Event "Memorial Gashimov"]
[Site "Shamkir"]
[Date "29.04.2017"]
[Round "8.1"]
[White "Karjakin, Sergey"]
[Black "Eljanov, Pavel"]
[Result "1-0"]
[WhiteTitle "GM"]
[BlackTitle "GM"]
[WhiteElo "2783"]
[BlackElo "2751"]
[WhiteFideId "14109603"]
[BlackFideId "14102951"]
[EventDate "2017.04.21"]

1. e4 e5 2. Nf3 Nc6 3. Bb5 Nf6 4. O-O Nxe4 5. Re1 Nd6 6. Nxe5 Be7 7. Bf1 Nxe5 8.
Rxe5 O-O 9. d4 Ne8 10. d5 Bc5 11. Re1 d6 12. Nc3 Bf5 13. Bd3 Qh4 14. g3 Qh3 15.
Ne4 Bxe4 16. Rxe4 Bxf2+ 17. Kxf2 Qxh2+ 18. Kf3 Qh5+ 19. g4 Qh3+ 20. Ke2 Qg2+ 21.
Ke1 Nf6 22. Qe2 Qg3+ 23. Qf2 Nxe4 24. Qxg3 Nxg3 25. Kf2 Rfe8 26. Kxg3 Re5 27.
Bc4 Re1 28. b3 f6 29. Bb2 Rxa1 30. Bxa1 Kf7 31. Bd4 a6 32. a4 Rh8 33. Be2 Re8
34. Kf2 Ke7 35. a5 Rf8 36. Kg3 Kd7 37. b4 Re8 38. Bd3 Ke7 39. Bxh7 Kd8 40. g5
fxg5 41. Bxg7 Re3+ 42. Kg4 Ra3 43. Bd4 c5 44. dxc6 bxc6 45. Bb6+ Kc8 46. Be4 Ra4
47. c3 c5 48. Bc2 Ra3 49. bxc5 dxc5 50. c4 Ra2 51. Bf5+ Kb7 52. Be4+ Kc8 53. Bc6
Rc2 54. Bd5 Ra2 55. Kxg5 Kd7 56. Bb7 Rb2 57. Bxa6 Kc6 58. Kf6 1-0

[Event "Memorial Gashimov"]
[Site "Shamkir"]
[Date "29.04.2017"]
[Round "8.5"]
[White "Topalov, Veselin"]
[Black "Harikrishna, Pentala"]
[Result "1/2-1/2"]
[WhiteTitle "GM"]
[BlackTitle "GM"]
[WhiteElo "2741"]
[BlackElo "2755"]
[WhiteFideId "2900084"]
[BlackFideId "5007003"]
[EventDate "2017.04.21"]

1. e4 e5 2. Nf3 Nc6 3. Bb5 a6 4. Ba4 Nf6 5. O-O Be7 6. d3 b5 7. Bb3 d6 8. a4 Bd7
9. c3 Na5 10. Ba2 bxa4 11. Nbd2 O-O 12. Re1 c5 13. Bb1 Qc7 14. Bc2 c4 15. Nxc4
Nxc4 16. dxc4 Qxc4 17. Bxa4 Be6 18. Nd2 Qc7 19. Bb3 Bxb3 20. Qxb3 Rfb8 21. Qc4
Qb7 22. Qe2 Qb5 23. Nc4 Rc8 24. Ne3 Qxe2 25. Rxe2 g6 26. Ra4 Rc5 27. Rc2 Rac8
28. Kf1 a5 29. Rd2 Kf8 30. Rd1 Ke8 31. f3 h5 32. Ke2 Kd7 33. Bd2 Ke6 34. Be1 Rb8
35. b4 axb4 36. cxb4 Rc6 37. Rda1 d5 38. Ra6 Rd6 39. R1a5 dxe4 40. Nc4 exf3+ 41.
gxf3 Rxa6 42. Rxa6+ Kf5 43. Ra5 Ke6 44. Rxe5+ Kd7 45. b5 Bd8 46. Bh4 Bc7 47.
Bxf6 Bxe5 48. Nxe5+ Kd6 49. Bh4 Rb7 50. Bg3 Ke6 51. Nc6 Kd5 52. Nd8 Rxb5 53.
Nxf7 Ke6 54. Nd8+ Kd7 55. Nf7 1/2-1/2

[Event "Memorial Gashimov"]
[Site "Shamkir"]
[Date "30.04.2017"]
[Round "9.1"]
[White "Adams, Michael"]
[Black "Wojtaszek, Radoslaw"]
[Result "1/2-1/2"]
[WhiteTitle "GM"]
[BlackTitle "GM"]
[WhiteElo "2761"]
[BlackElo "2745"]
[WhiteFideId "400041"]
[BlackFideId "1118358"]
[EventDate "2017.04.21"]

1. e4 e5 2. Nf3 Nc6 3. Bb5 a6 4. Ba4 Nf6 5. O-O Be7 6. Re1 b5 7. Bb3 O-O 8. a4
b4 9. d3 d6 10. a5 Be6 11. Bxe6 fxe6 12. Nbd2 Rb8 13. c3 Rb5 14. c4 Rb8 15. Nb3
Qc8 16. Qe2 Nd7 17. d4 exd4 18. Nbxd4 Nxd4 19. Nxd4 Ne5 20. f4 c5 21. Nb3 Nc6
22. Be3 e5 23. f5 Bf6 24. Qd3 Nd4 25. Rf1 Qd8 26. Nd2 Bg5 27. Bxg5 Qxg5 28. Nf3
Qf6 29. b3 Rbe8 30. Ra2 g5 31. Qd1 Kf7 32. h3 Rh8 33. g3 h5 34. Ne1 h4 35. g4
Rh6 36. Ng2 Qd8 37. Ne3 Rf6 38. Nd5 Kg7 39. Kg2 Kh6 40. Rff2 Ref8 41. Qd3 R8f7
42. Kh2 Rf8 43. Ne3 Rg8 44. Nd5 1/2-1/2

[Event "Memorial Gashimov"]
[Site "Shamkir"]
[Date "30.04.2017"]
[Round "9.2"]
[White "Harikrishna, Pentala"]
[Black "So, Wesley"]
[Result "1/2-1/2"]
[WhiteTitle "GM"]
[BlackTitle "GM"]
[WhiteElo "2755"]
[BlackElo "2822"]
[WhiteFideId "5007003"]
[BlackFideId "5202213"]
[EventDate "2017.04.21"]

1. Nf3 Nf6 2. g3 d5 3. Bg2 e6 4. O-O Be7 5. c4 O-O 6. d4 dxc4 7. Qc2 a6 8. Qxc4
b5 9. Qc2 Bb7 10. Bg5 Nbd7 11. Nbd2 Rc8 12. Bxf6 Nxf6 13. Nb3 Be4 14. Qc1 c5 15.
dxc5 Qc7 16. Rd1 a5 17. c6 Bxc6 18. Nfd4 Bxg2 19. Qxc7 Rxc7 20. Kxg2 a4 21. Nxb5
Rb7 22. N3d4 Bc5 23. Nc3 Bxd4 24. Rxd4 Rxb2 25. Rxa4 Rc2 26. Ne4 Rxe2 27. Nxf6+
gxf6 28. Rg4+ Kh8 29. a4 Rb8 30. Rc1 f5 31. Rf4 Rbb2 32. g4 Kg7 33. Rc3 Kf6 34.
Kg3 Rbc2 35. Rxc2 Rxc2 36. gxf5 e5 37. Rh4 Ra2 38. Rh6+ Kxf5 39. Rxh7 Ke6 40.
Rh8 Rxa4 41. Re8+ Kf5 42. f3 Ra6 43. Re7 Rg6+ 44. Kf2 Rh6 45. Rxf7+ 1/2-1/2

[Event "Memorial Gashimov"]
[Site "Shamkir"]
[Date "30.04.2017"]
[Round "9.4"]
[White "Eljanov, Pavel"]
[Black "Kramnik, Vladimir"]
[Result "0-1"]
[WhiteTitle "GM"]
[BlackTitle "GM"]
[WhiteElo "2751"]
[BlackElo "2811"]
[WhiteFideId "14102951"]
[BlackFideId "4101588"]
[EventDate "2017.04.21"]

1. d4 Nf6 2. c4 e6 3. Nf3 d5 4. g3 Be7 5. Bg2 O-O 6. O-O dxc4 7. Qc2 a6 8. a4
Bd7 9. Qxc4 Bc6 10. Bf4 Nbd7 11. Nc3 Bd6 12. e3 Nb6 13. Qb3 Bxf4 14. gxf4 a5 15.
Ne5 Bxg2 16. Kxg2 Nbd5 17. Rg1 Rc8 18. Rac1 Nb4 19. Qc4 g6 20. Rgd1 c6 21. Qe2
Qe7 22. Nc4 Qc7 23. Qf3 Nbd5 24. h4 Rfd8 25. b3 Nxc3 26. Rxc3 Qe7 27. Ne5 Kg7
28. Kh3 c5 29. Rdc1 b6 30. dxc5 Rxc5 31. Rxc5 bxc5 32. Nc6 Qb7 33. Kg2 Rd5 34.
Nxa5 Qb4 35. Nc4 Qxb3 36. a5 Qa2 37. Kf1 Rh5 38. Qe2 Qb3 39. Qc2 Qb7 40. Qb2 Qa8
41. Ke2 Rxh4 42. Rb1 Qg2 43. Ne5 c4 44. Qd4 c3 45. a6 c2 46. Rc1 Rh1 47. Rxc2
Qf1+ 48. Kd2 Qd1+ 49. Kc3 Qa1+ 50. Kb3 Qxa6 51. Nc4 Rb1+ 52. Nb2 Ra1 53. Rc5
Ra3+ 54. Kb4 Ra2 55. Qc3 Qb6+ 56. Rb5 Qd6+ 57. Rc5 Ra8 58. Nd3 Rb8+ 59. Ka4 Qa6+
60. Ra5 Qb7 61. Nc5 Qb1 62. Ka3 Kg8 63. Nb3 Nd5 0-1